000
00303nam a2200121Ia 4500
008
220214s9999 xx 000 0 und d
100
_a
Popper Karl
245
0
_a
Natural selection and the emergence of mind
260
_b
Dialectica
_c
1978
300
_a
339-355
650
_a
Darwin lecture
942
_c
RE
999
_c
45425
_d
45425